| 000 | 00778nam a2200265Ia 4500 | ||
|---|---|---|---|
| 001 | Para_6349 | ||
| 003 | CHAP | ||
| 008 | 220125s1890 xx 000 0 und d | ||
| 010 | _a204959 | ||
| 040 | _cCHAP | ||
| 082 | _aPA-C 595.7016 H45 | ||
| 100 |
_aHenshaw Samuel _9170904 |
||
| 245 |
_aBibliography of the more important contributions to american economic entomology / _c by Samuel Henshaw |
||
| 260 |
_aWashington : _b USDA |
||
| 300 | _a2v. | ||
| 650 |
_aEntomologia economica _x Bibliografía _x EUA _9170905 |
||
| 710 |
_aEUA. Departament of Agriculture _9166870 |
||
| 901 | _aPA-C 595.7016 H45 | ||
| 902 | _aA | ||
| 905 | _a0000001890 0000000000 00 | ||
| 910 | _a1890 | ||
| 942 | _cPARA | ||
| 942 |
_cPARA _d1 |
||
| 999 |
_c204959 _d204959 |
||